Normal view
MARC view
- الحركة الادبية في الوطن العربي- بحوث مؤتمرات
Entry Topical Term
001 - CONTROL NUMBER
- control field: 57512
003 - CONTROL NUMBER IDENTIFIER
- control field: JO-AjAnu
005 - DATE AND TIME OF LATEST TRANSACTION
- control field: 20230606083422.0
008 - FIXED-LENGTH DATA ELEMENTS
- fixed length control field: 230606|| aca||aabn | a|a d
040 ## - CATALOGING SOURCE
- Original cataloging agency: JO-AjAnu
- Transcribing agency: JO-AjAnu
150 ## - HEADING--TOPICAL TERM
- Topical term or geographic name entry element: الحركة الادبية في الوطن العربي- بحوث مؤتمرات
670 ## - SOURCE DATA FOUND
- Source citation: Work cat.: (JO-AjAnu)29346: جامعة جرش الاهلية- كلية الاداب ، قسم اللغة العربية , author 57511, الحركة الأدبية في الوطن العربي والتحديات المعاصرة من13 2004/4/15م: بحوث المؤتمر النقدي السابع لقسم اللغة العربية في جامعة الاهلية